Lyrics Nena - Irgendwie, Irgendwo, Irgendwann - Statistiken

Allgemein
  • Dieses Quiz wurde 455 mal gespielt
  • Das Durchschnittsergebnis liegt bei 138 aus 184
Antwortstatistiken
Antwort % Korrekt
Irgendwann
99%
Irgendwie
99%
Irgendwo
99%
ich
96%
die
93%
Die
93%
ein
90%
Zeit
87%
du
86%
aus
84%
dir
80%
mir
78%
und
78%
bau
77%
Schloss
77%
Sand
76%
für
75%
Gib
74%
ist
74%
Hand
72%
das
71%
wir
71%
bisschen
70%
durch
70%
Raum
70%
reif
69%
in
68%
Zärtlichkeit
68%
wie
65%
an
64%
Richtung
64%
Unendlichkeit
64%
nicht
63%
Zukunft
63%
lang
61%
nach
61%
mehr
60%
fängt
59%
Fliegen
59%
Licht
59%
Liebe
59%
warte
59%
genau
58%
Nacht
58%
Motten
56%
wird
55%
auf
54%
Im
54%
gemacht
53%
fahr´n
50%
Denk
49%
Mut
49%
Sturz
48%
lange
46%
einem
44%
Traum
43%
Feuerrädern
40%
erwacht
38%
dann
35%
Nur
34%
Augenblick
29%
kurzer
29%
zurück
29%
kehrt
27%
Keine übereinstimmenden Quizze gefunden
Verteilung der Resultate
Anzahl Personen mit jedem Resultat
Perzentil nach korrekt beantworteten Fragen
Ihre Resultats-Entwicklung
Sie haben dieses Quiz noch nicht gespielt